00798 2200193 4500001002100000005001500021008004100036020001800077035001900095041000700114082000800121090001800129100001900147245007500166260001900241300002900260500029000289990002500579INLIS00000000000439520220725121425220725||||||||| | ||| |||| || |  a979-3237-90-2 0010-0722004395 aid0 a428 a428 Her g C.40 aHERIYANTO, dwi00aGoing through an english shortcut, jalan pintas belajar bahasa inggris aSemarangc2010 axiv.,113 p.;bibl.;22 cm. aBuku ini tidak sepenuhnya memuat aturan-aturan tata bahasa inggris yang cukup rumit, bahkan istilah-istilah dalam buku ini dibuat seminimal mungkin sehingga mudah diingat. Agar pembaca lebih menguasai materi yang disajikan, dalam buku ini diberikan beberapa latihan berikut jawabannya. ac.2/12060/STPP/PB/12